| 000 | 01544nam0a22003611 4500 | ||
|---|---|---|---|
| 001 | rc\2134764 | ||
| 005 | 20110826153438.7 | ||
| 035 | _a(NLR Aleph) 006523791 | ||
| 090 |
_a6459050 _c6459050 |
||
| 100 | _a20110826d1979 |||y0rusy50 ca | ||
| 101 | 1 |
_arus _cfre |
|
| 102 | _aRU | ||
| 105 | _aa z ||||| | ||
| 200 | 1 |
_aЖелезный король _aУзница Шато-Гайара _aЯд и корона _e[Романы] _eИз сер. "Проклятые короли" _fМорис Дрюон _gПер. с фр. Н. Жарковой _g[Худож. В.Г. Алексеев] |
|
| 210 |
_aМосква _cПрогресс _d1979 |
||
| 215 |
_a588 с. _cил. _d21 |
||
| 311 | _aПеревод изд.: Le roi de fer; La reine êtranglêe; Le poison de la couronne / Maurice Druon (Paris, 1955, 1956) | ||
| 412 | 0 | _12001#$aПроклятые короли | |
| 454 | 0 |
_12001#$aLe roi de fer$aLa reine êtranglêe$aLe poison de la couronne$fMaurice Druon _1210##$aParis$d1955, 1956 _1700#1$aDruon$bM.$gMaurice |
|
| 607 |
_aФранция _z14 в. (х. л.) _2psbo |
||
| 686 |
_aШ5(4фр)62-644.2 _2rubbk |
||
| 686 |
_aЩ897.56(2)Алексеев,В. _2rubbk |
||
| 700 | 1 |
_aДрюон _bМ. _f1918-2009 _gМорис _3RU\NLR\auth\7745460 |
|
| 702 | 1 |
_aЖаркова _bН. _4730 |
|
| 702 | 1 |
_aАлексеев _bВ. Г. _4440 |
|
| 801 | 0 |
_aRU _bNLR _gpsbo |
|
| 801 | 1 |
_aRU _bELAR _2rusmarc |
|
| 852 |
_aNLR _j80-3/2351 |
||
| 899 |
_aRuMoRGB _jB 80-18/59 |
||
| 899 |
_aRuMoRGB _jB 80-18/60 |
||
| 899 |
_aRuMoRGB _jФ 1-80/10644 |
||
| 942 | _cBOOK | ||
| 980 | _aNB | ||